[Event "Robert Silk International"]
[Site "London, Bishopsgate"]
[Date "1978.07.16"]
[Round "1"]
[White "Hodgson, Julian M"]
[Black "Silva, Fernando"]
[Result "1-0"]
[WhiteElo "2265"]
[BlackElo "2350"]
[PlyCount "71"]
[EventDate "1978.07.16"]
[EventType "tourn"]
[EventRounds "9"]
[EventCountry "ENG"]
[SourceTitle "BritBase"]
[Source "John Saunders"]
[SourceDate "2024.10.24"]
[SourceVersion "1"]
[SourceVersionDate "2024.10.24"]
[SourceQuality "1"]

1. e4 c5 2. f4 Nc6 3. Nf3 g6 4. Nc3 Bg7 5. Bc4 e6 6. f5 Nge7 7. fxe6 dxe6 8. d3 O-O 9. O-O Na5 10. Bb3 Nxb3 11. axb3 Nc6 12. Bg5 f6 13. Be3 Nd4 14. Qd2 e5 15. Rf2 Be6 16. Raf1 Qd6 17. Bh6 Rf7 18. Nxd4 cxd4 19. Ne2 Bh8 20. h3 Rc8 21. g4 Rfc7 22. c4 dxc3 23. bxc3 Bxb3 24. g5 Rf7 25. gxf6 Rxf6 26. Ng3 Rc7 27. Qg5 Rxf2 28. Rxf2 Bf7 29. Nf5 Qf6 30. Qg3 Qc6 31. d4 Bf6 32. d5 Qb6 33. Bg5 Bxg5 34. Qxg5 Rxc3 35. Kg2 Kh8 36. Nh6 {Source: BCM, November 1978, p483} 1-0

[Event "Robert Silk International"]
[Site "London, Bishopsgate"]
[Date "1978.07.16"]
[Round "1"]
[White "Speelman, Jonathan S"]
[Black "Durao, Joaquim Manuel"]
[Result "1-0"]
[WhiteElo "2410"]
[BlackElo "2315"]
[Annotator "Speelman, J"]
[PlyCount "49"]
[EventDate "1978.07.16"]
[EventType "tourn"]
[EventRounds "9"]
[EventCountry "ENG"]
[SourceTitle "BritBase"]
[Source "John Saunders"]
[SourceDate "2024.10.24"]
[SourceVersion "1"]
[SourceVersionDate "2024.10.24"]
[SourceQuality "1"]

1. e4 e5 2. Nf3 Nc6 3. Bc4 Bc5 4. c3 Qe7 5. d4 Bb6 6. O-O d6 7. a4 a6 8. h3 Nf6 9. Re1 O-O 10. b4 Kh8 (10... Nd8) 11. Ra2 (11. Ba3 Ng8 12. Qd3 f6 $11 {Van Scheltinga-Euwe Maastricht 1946}) 11... exd4 $6 (11... Ng8 { ...f6}) 12. a5 Ba7 (12... Be6 $1) 13. cxd4 Nxb4 14. Rae2 Ng8 $5 15. d5 {( Ba3)} c5 16. e5 Qd8 $2 (16... Bf5) 17. e6 $1 Qxa5 18. Ng5 Nh6 19. exf7 $18 Bf5 (19... Bd7) 20. Re8 Bg6 21. Qe2 Qa4 (21... Nxf7 22. Rxa8 Rxa8 23. Qe8+ $1) (21... Bxf7 22. Nxf7+ Nxf7 23. Rxa8 Rxa8 24. Qe8+ $1) (21... Raxe8 22. fxe8=Q Bxe8 23. Qxe8 Qd8 24. Qxd8 Rxd8 25. Re7 $18) 22. Rxa8 Rxa8 23. Qe7 Qc2 (23... Nxf7 24. Nxf7+ Kg8 25. Nh6+ $1) 24. Qe8+ Rxe8 25. Rxe8+ {Source: New Chess Player, Vol.3, 1978c, p158} 1-0

[Event "Robert Silk International"]
[Site "London, Bishopsgate"]
[Date "1978.07.16"]
[Round "1"]
[White "Botterill, George Steven"]
[Black "Kraidman, Yair"]
[Result "1/2-1/2"]
[WhiteElo "2400"]
[BlackElo "2455"]
[PlyCount "35"]
[EventDate "1978.07.16"]
[EventType "tourn"]
[EventRounds "9"]
[EventCountry "ENG"]
[SourceTitle "BritBase"]
[Source "John Saunders"]
[SourceDate "2024.10.24"]
[SourceVersion "1"]
[SourceVersionDate "2024.10.24"]
[SourceQuality "1"]

1. e4 e5 2. Nf3 Nc6 3. d4 exd4 4. Nxd4 Bc5 5. Nb3 Bb6 6. a4 a6 7. Nc3 d6 8. Nd5 Ba7 9. Qe2 Be6 10. g3 Qd7 11. Be3 Bxe3 12. Qxe3 Nge7 13. Bg2 O-O 14. O-O Rae8 15. Nf4 Ng6 16. Nxe6 Qxe6 17. Nd4 Nxd4 18. Qxd4 {Source: Andy Ansel, 24 October 2024} 1/2-1/2

[Event "Robert Silk International"]
[Site "London, Bishopsgate"]
[Date "1978.07.16"]
[Round "1"]
[White "Littlewood, Paul E"]
[Black "Goodman, David SC"]
[Result "0-1"]
[WhiteElo "2345"]
[BlackElo "2320"]
[PlyCount "80"]
[EventDate "1978.07.16"]
[EventType "tourn"]
[EventRounds "9"]
[EventCountry "ENG"]
[SourceTitle "BritBase"]
[Source "John Saunders"]
[SourceDate "2024.10.24"]
[SourceVersion "1"]
[SourceVersionDate "2024.10.24"]
[SourceQuality "1"]

1. e4 e6 2. d4 d5 3. e5 c5 4. c3 b6 5. f4 Qd7 6. Nf3 Nh6 7. Na3 Bb7 8. Nc2 Nc6 9. Be2 Be7 10. O-O f6 11. exf6 gxf6 12. Nh4 Nf7 13. Bh5 Rf8 14. f5 e5 15. Bh6 O-O-O 16. Bxf8 Bxf8 17. Kh1 Kb8 18. Nf3 Bd6 19. Qd2 cxd4 20. cxd4 e4 21. Ng1 Ng5 22. Ne2 Qg7 23. Nf4 Qh6 24. Qe2 Nf3 25. Bxf3 Qxf4 26. g3 exf3 27. Qxf3 Qe4 28. Qg2 Nb4 29. Nxb4 Bxb4 30. Rf4 Qe3 31. Qf2 Qxf2 32. Rxf2 Re8 33. Kg2 Ba6 34. Rd1 Be2 35. Rc1 Bd3 36. Rc6 Be1 37. Rf4 Re2+ 38. Kh3 Bd2 39. Rf1 Bg5 40. Kg4 Re4+ {Source: Andy Ansel, 24 October 2024} 0-1

[Event "Robert Silk International"]
[Site "London, Bishopsgate"]
[Date "1978.07.16"]
[Round "1"]
[White "Plaskett, H James"]
[Black "Wade, Robert Graham"]
[Result "1/2-1/2"]
[WhiteElo "2410"]
[BlackElo "2335"]
[PlyCount "39"]
[EventDate "1978.07.16"]
[EventType "tourn"]
[EventRounds "9"]
[EventCountry "ENG"]
[SourceTitle "BritBase"]
[Source "John Saunders"]
[SourceDate "2024.10.24"]
[SourceVersion "1"]
[SourceVersionDate "2024.10.24"]
[SourceQuality "1"]

1. e4 c5 2. Nf3 a6 3. c3 b5 4. d4 Bb7 5. Bd3 d6 6. O-O Nd7 7. a4 c4 8. Bc2 Ngf6 9. Qe2 e5 10. Rd1 Qb8 11. Bg5 Be7 12. Na3 O-O 13. axb5 axb5 14. Nxb5 Rxa1 15. Rxa1 Bxe4 16. Bxe4 Qxb5 17. Bf5 Bd8 18. Bxf6 Nxf6 19. dxe5 dxe5 20. Qxe5 {Source: Andy Ansel, 24 October 2024} 1/2-1/2

[Event "Robert Silk International"]
[Site "London, Bishopsgate"]
[Date "1978.07.17"]
[Round "2"]
[White "Durao, Joaquim Manuel"]
[Black "Botterill, George Steven"]
[Result "0-1"]
[WhiteElo "2315"]
[BlackElo "2400"]
[PlyCount "61"]
[EventDate "1978.07.16"]
[EventType "tourn"]
[EventRounds "9"]
[EventCountry "ENG"]
[SourceTitle "BritBase"]
[Source "John Saunders"]
[SourceDate "2024.10.24"]
[SourceVersion "1"]
[SourceVersionDate "2024.10.24"]
[SourceQuality "1"]

1. e4 d6 2. d4 g6 3. Nc3 Bg7 4. Be3 c6 5. Qd2 b5 6. a4 b4 7. Nd1 a5 8. c3 bxc3 9. bxc3 Nf6 10. f3 Nbd7 11. Rb1 O-O 12. Nh3 e5 13. dxe5 Nxe5 14. Nhf2 Be6 15. Bd4 Rb8 16. Rxb8 Qxb8 17. Ba6 Qb3 18. O-O Qxa4 19. Bxe5 dxe5 20. Qd6 Nd7 21. Nd3 Qb3 22. Qxc6 Nb8 23. Qb5 Nxa6 24. Qxa6 Bc4 25. Qd6 Re8 26. N1b2 Bxd3 27. Nxd3 Qxc3 28. Rc1 Qd2 29. Rc7 Bh6 30. Qd5 Be3+ 31. Kf1 {time. Source: BCM, November 1978, p482} 0-1

[Event "Robert Silk International"]
[Site "London, Bishopsgate"]
[Date "1978.07.17"]
[Round "2"]
[White "Goodman, David SC"]
[Black "Speelman, Jonathan S"]
[Result "1/2-1/2"]
[WhiteElo "2320"]
[BlackElo "2410"]
[PlyCount "43"]
[EventDate "1978.07.16"]
[EventType "tourn"]
[EventRounds "9"]
[EventCountry "ENG"]
[SourceTitle "BritBase"]
[Source "John Saunders"]
[SourceDate "2024.10.24"]
[SourceVersion "1"]
[SourceVersionDate "2024.10.24"]
[SourceQuality "1"]

1. Nf3 Nf6 2. c4 b6 3. g3 c5 4. Bg2 Bb7 5. Nc3 e6 6. d4 cxd4 7. Qxd4 Be7 8. O-O d6 9. b3 O-O 10. Bb2 a6 11. e4 Nbd7 12. Qe3 Qb8 13. Nd4 Re8 14. Rfe1 Bf8 15. Qd2 Ra7 16. Re2 Ba8 17. Rae1 g6 18. h3 Bg7 19. Rd1 Nc5 20. Ba1 Rd7 21. Rde1 Rc8 22. Nc2 {Source: Andy Ansel, 24 October 2024} 1/2-1/2

[Event "Robert Silk International"]
[Site "London, Bishopsgate"]
[Date "1978.07.17"]
[Round "2"]
[White "Plaskett, H James"]
[Black "Hodgson, Julian M"]
[Result "1-0"]
[WhiteElo "2410"]
[BlackElo "2265"]
[PlyCount "131"]
[EventDate "1978.07.16"]
[EventType "tourn"]
[EventRounds "9"]
[EventCountry "ENG"]
[SourceTitle "BritBase"]
[Source "John Saunders"]
[SourceDate "2024.10.24"]
[SourceVersion "1"]
[SourceVersionDate "2024.10.24"]
[SourceQuality "1"]

1. e4 c5 2. Nf3 d6 3. Bb5+ Bd7 4. Bxd7+ Qxd7 5. O-O Nc6 6. d4 cxd4 7. Nxd4 g6 8. c4 Bg7 9. Be3 Nf6 10. f3 O-O 11. Nc3 Rfc8 12. b3 a6 13. Nde2 Qd8 14. Qd2 Qa5 15. a4 Nd7 16. Rab1 Rab8 17. Kh1 Qb4 18. Rfd1 Nc5 19. Qc2 Qa5 20. Qd2 Qb4 21. Qc2 Qa5 22. Qc1 Nb4 23. Qd2 b6 24. Bd4 Bxd4 25. Nxd4 Ne6 26. Nde2 Rc5 27. f4 Rbc8 28. Qe3 Ng7 29. Nd5 Nxd5 30. exd5 Nf5 31. Qc1 Qb4 32. Nc3 R5c7 33. Qd2 h5 34. Qd3 Qc5 35. Re1 Qf2 36. Re4 Rb7 37. Rf1 Qb2 38. Nd1 Qf6 39. Nc3 Qh4 40. g3 Qf6 41. Rfe1 Kg7 42. Kg2 Rh8 43. Kg1 Rc8 44. Rd1 b5 45. axb5 axb5 46. Nxb5 Rxb5 47. cxb5 Rc3 48. Qd2 Nxg3 49. Re3 Rxe3 50. Qxe3 Nf5 51. Qd3 Qh4 52. Rf1 Qg4+ 53. Kh1 h4 54. Qf3 Ng3+ 55. hxg3 Qh3+ 56. Kg1 hxg3 57. Qg2 Qd7 58. Qxg3 Qxb5 59. Qc3+ Kg8 60. Rf2 Qxd5 61. Rh2 Qd1+ 62. Kf2 f6 63. Qc8+ Kg7 64. Qh8+ Kf7 65. Rh7+ Ke6 66. Qc8+ {Source: Andy Ansel, 24 October 2024} 1-0

[Event "Robert Silk International"]
[Site "London, Bishopsgate"]
[Date "1978.07.17"]
[Round "2"]
[White "Silva, Fernando"]
[Black "Littlewood, Paul E"]
[Result "1-0"]
[WhiteElo "2350"]
[BlackElo "2345"]
[PlyCount "113"]
[EventDate "1978.07.16"]
[EventType "tourn"]
[EventRounds "9"]
[EventCountry "ENG"]
[SourceTitle "BritBase"]
[Source "John Saunders"]
[SourceDate "2024.10.24"]
[SourceVersion "1"]
[SourceVersionDate "2024.10.24"]
[SourceQuality "1"]

1. e4 e5 2. Nf3 d6 3. d4 exd4 4. Qxd4 Nc6 5. Bb5 Bd7 6. Bxc6 Bxc6 7. Nc3 Nf6 8. Bg5 Be7 9. O-O-O O-O 10. Rhe1 Re8 11. e5 dxe5 12. Qxe5 Qc8 13. Qg3 Nh5 14. Qh4 Bxf3 15. gxf3 Bxg5+ 16. Qxg5 Rxe1 17. Rxe1 Nf6 18. Rg1 Ne8 19. Nd5 Qd8 20. Qe5 Qd6 21. Qxd6 cxd6 22. Rg4 Rd8 23. Rc4 Kf8 24. Kd2 g6 25. Kd3 f5 26. b4 Kf7 27. b5 Rd7 28. Ra4 b6 29. Nb4 Rc7 30. Ra6 Ke6 31. Nc6 Nf6 32. Kd4 Nd7 33. f4 Nc5 34. Rxa7 Rxa7 35. Nxa7 Kd7 36. Nc6 Ne6+ 37. Ke3 d5 38. Nd4 Nc5 39. Nf3 Kd6 40. Ng5 h6 41. Nf7+ Ke6 42. Ne5 Ne4 43. c4 Nc3 44. a3 Kd6 45. Kd3 Ne4 46. Kd4 dxc4 47. Nxc4+ Kc7 48. Ke5 Nc3 49. Kf6 Nxb5 50. Kxg6 Nd4 51. Nxb6 Kxb6 52. Kxh6 Ka5 53. h4 Ka4 54. Kg6 Kxa3 55. h5 Ne6 56. h6 Nf8+ 57. Kxf5 {Source: Andy Ansel, 24 October 2024} 1-0

[Event "Robert Silk International"]
[Site "London, Bishopsgate"]
[Date "1978.07.17"]
[Round "2"]
[White "Wade, Robert Graham"]
[Black "Kraidman, Yair"]
[Result "1-0"]
[WhiteElo "2335"]
[BlackElo "2455"]
[PlyCount "73"]
[EventDate "1978.07.16"]
[EventType "tourn"]
[EventRounds "9"]
[EventCountry "ENG"]
[SourceTitle "BritBase"]
[Source "John Saunders"]
[SourceDate "2024.10.24"]
[SourceVersion "1"]
[SourceVersionDate "2024.10.24"]
[SourceQuality "1"]

1. d4 Nf6 2. Nc3 d5 3. Bg5 c6 4. Bxf6 exf6 5. e3 Bd6 6. Bd3 O-O 7. Nge2 f5 8. Qd2 a5 9. h3 g6 10. g4 Qf6 11. O-O-O Na6 12. Rdg1 Nb4 13. g5 Qe7 14. h4 a4 15. h5 b5 16. Nf4 Nxd3+ 17. cxd3 Bxf4 18. exf4 a3 19. b3 Ra7 20. Re1 Qb4 21. Ne2 Qd6 22. Qc3 Qe7 23. Qc5 Qc7 24. Kd1 gxh5 25. Rxh5 Re8 26. Rh6 Bd7 27. Qd6 Qa5 28. Rhh1 Re6 29. Qc5 Kg7 30. Nc3 Ra8 31. Re5 Rxe5 32. dxe5 Be6 33. Ne2 d4 34. Nxd4 Kg8 35. Rh6 Bd5 36. Ke2 Rc8 37. Rd6 {(49 moves) Source: Andy Ansel, 24 October 2024} 1-0

[Event "Robert Silk International"]
[Site "London, Bishopsgate"]
[Date "1978.07.18"]
[Round "3"]
[White "Botterill, George Steven"]
[Black "Goodman, David SC"]
[Result "1-0"]
[WhiteElo "2400"]
[BlackElo "2320"]
[Annotator "Botterill, G"]
[PlyCount "113"]
[EventDate "1978.07.16"]
[EventType "tourn"]
[EventRounds "9"]
[EventCountry "ENG"]
[SourceTitle "BritBase"]
[Source "John Saunders"]
[SourceDate "2024.10.24"]
[SourceVersion "1"]
[SourceVersionDate "2024.10.24"]
[SourceQuality "1"]

1. e4 e6 2. d4 d5 3. Nd2 Be7 4. Ngf3 Nf6 5. e5 Nfd7 6. Bd3 c5 7. c3 b6 8. Qe2 Nc6 9. O-O (9. a3 $5) 9... cxd4 10. cxd4 Nb4 11. Bb5 a6 12. Ba4 b5 13. Bb3 Qb6 14. Rd1 a5 15. Nf1 a4 16. Bc2 Nxc2 17. Qxc2 h6 $1 18. Bf4 Ba6 (18... Qa5 $1) 19. Ng3 g6 (19... Qa5 $1) 20. Qd2 $14 Bf8 21. Rac1 b4 22. b3 a3 23. Rc2 Rc8 24. Rxc8+ Bxc8 25. Rc1 Ba6 26. h4 $1 { h5, Be3, Nh2, f4} Nb8 { Nc6-a7-b5-c3} 27. h5 g5 28. Be3 Nc6 29. Nh2 Bg7 30. Ng4 Kd7 (30... O-O 31. Bxg5 $1 $18 (31. Ne4 $5)) 31. Ne4 $1 Qb5 32. Nc5+ (32. Nd6 Qe2 $13) 32... Kc7 (32... Ke8 33. f4 $18 (33. Bxg5 $2 hxg5 34. Qxg5 Nxd4 $1 35. Qxg7 Ne2+ $19)) 33. Nxa6+ Qxa6 34. Qxb4 Bf8 35. Qd2 Kb7 36. f4 $1 gxf4 37. Bxf4 Qb6 38. Be3 Rg8 39. Nf6 Rg3 40. Kh2 Bb4 41. Qf2 Rxe3 42. Qxe3 Nxe5 $1 (42... Qxd4 43. Qxd4 Nxd4 44. Ng8 $18) 43. Kh3 $1 (43. g3 $2 Bd2 $1) 43... Nc6 44. Rd1 Bf8 45. Nd7 Qd8 46. Nxf8 Qxf8 47. Rf1 $18 Qg7 48. Rf4 Kb6 49. Qc3 f6 50. Qc5+ Kb7 51. Rg4 Qf7 52. Rg6 Ne7 (52... e5 53. Qd6 $18) 53. Rxh6 Qg7 54. Qc1 Nf5 55. Rg6 Qh7 56. g4 Nxd4 57. Qf4 {Source: New Chess Player, Vol.3, 1978c, p172} 1-0

[Event "Robert Silk International"]
[Site "London, Bishopsgate"]
[Date "1978.07.18"]
[Round "3"]
[White "Hodgson, Julian M"]
[Black "Wade, Robert Graham"]
[Result "0-1"]
[WhiteElo "2265"]
[BlackElo "2335"]
[PlyCount "86"]
[EventDate "1978.07.16"]
[EventType "tourn"]
[EventRounds "9"]
[EventCountry "ENG"]
[SourceTitle "BritBase"]
[Source "John Saunders"]
[SourceDate "2024.10.24"]
[SourceVersion "1"]
[SourceVersionDate "2024.10.24"]
[SourceQuality "1"]

1. e4 c6 2. d4 d5 3. Nc3 dxe4 4. Nxe4 Nf6 5. Nxf6+ exf6 6. Bc4 Qe7+ 7. Qe2 Be6 8. Bxe6 Qxe6 9. Bf4 Na6 10. c3 O-O-O 11. Qxe6+ fxe6 12. O-O-O c5 13. Nf3 cxd4 14. Nxd4 e5 15. Ne6 Re8 16. Nxf8 exf4 17. Rd7 Rhxf8 18. Rxg7 Re2 19. Rd1 Rxf2 20. Rd2 Rxd2 21. Kxd2 Rd8+ 22. Ke2 Rd7 23. Rg4 Nc5 24. Rxf4 Nd3 25. Rxf6 Nxb2 26. h4 Na4 27. c4 Kd8 28. g4 Ke7 29. g5 Rd6 30. Rf5 b6 31. Kf3 Nc5 32. h5 Ne6 33. Ke3 Rc6 34. g6 hxg6 35. hxg6 Rxc4 36. Rf7+ Kd6 37. Rxa7 Rg4 38. a4 Rxg6 39. a5 b5 40. Rb7 Kc5 41. a6 Nd4 42. a7 Ra6 43. Rh7 Nc6 {Source: StarBase 4.56} 0-1

[Event "Robert Silk International"]
[Site "London, Bishopsgate"]
[Date "1978.07.18"]
[Round "3"]
[White "Speelman, Jonathan S"]
[Black "Silva, Fernando"]
[Result "1/2-1/2"]
[WhiteElo "2410"]
[BlackElo "2350"]
[Annotator "Speelman, J"]
[PlyCount "41"]
[EventDate "1978.07.16"]
[EventType "tourn"]
[EventRounds "9"]
[EventCountry "ENG"]
[SourceTitle "BritBase"]
[Source "John Saunders"]
[SourceDate "2024.10.24"]
[SourceVersion "1"]
[SourceVersionDate "2024.10.24"]
[SourceQuality "1"]

1. e4 c5 2. Nf3 Nc6 3. d4 cxd4 4. Nxd4 g6 5. c4 Bg7 6. Nc2 (6. Be3) 6... Nf6 7. Nc3 d6 8. Be2 Nd7 9. Bd2 O-O 10. O-O Nc5 11. b4 $5 (11. b3 $5 Bxc3 (11... a5 12. Rb1 f5 13. exf5 Bxf5 {Korchnoi-Matulovic, Sarajevo 1979}) 12. Bxc3 Nxe4 13. Bb2 a5 $13 {Goldstein-Buslajev, Suhumi 1973}) (11. f3) 11... Ne6 (11... Bxc3 12. Bxc3 Nxe4 13. Bb2 a5 $13) 12. Rc1 a5 13. a3 axb4 14. axb4 Ned4 15. Nxd4 Nxd4 16. Be3 Nxe2+ 17. Qxe2 Be6 18. Rfd1 (18. Nd5 Bxd5 19. exd5 Ra4 $5 20. Bg5 $5) (18. f4 $5) 18... Ra3 19. Nb5 (19. Nd5 Bxd5 20. cxd5 $11 (20. exd5 $5) (20. Rxd5)) 19... Rb3 $1 20. Qd2 Rb2 $1 21. Rc2 {Source: New Chess Player, Vol.4, 1978d, p123 (Black's name given as 'de Silva' but it seems probable that this was Fernando Silva and the game from the Robert Silk event - JS)} (21. Qe1 $6 $15 {/}) (21. Rc2 Rxc2 22. Qxc2 $11 {/}) 1/2-1/2

[Event "Robert Silk International"]
[Site "London, Bishopsgate"]
[Date "1978.07.18"]
[Round "3"]
[White "Kraidman, Yair"]
[Black "Durao, Joaquim Manuel"]
[Result "1-0"]
[WhiteElo "2455"]
[BlackElo "2315"]
[PlyCount "63"]
[EventDate "1978.07.16"]
[EventType "tourn"]
[EventRounds "9"]
[EventCountry "ENG"]
[SourceTitle "BritBase"]
[Source "John Saunders"]
[SourceDate "2024.10.24"]
[SourceVersion "1"]
[SourceVersionDate "2024.10.24"]
[SourceQuality "1"]

1. d4 Nf6 2. c4 g6 3. Nc3 Bg7 4. e4 d6 5. Be2 O-O 6. Bg5 c5 7. d5 e6 8. Nf3 h6 9. Bh4 exd5 10. cxd5 g5 11. Bg3 Nh5 12. Nd2 Nxg3 13. hxg3 Nd7 14. Nc4 Qe7 15. Qc2 Ne5 16. Ne3 a6 17. O-O-O b5 18. Rdf1 Re8 19. f4 gxf4 20. gxf4 Ng6 21. e5 dxe5 22. f5 Qg5 23. Qd2 Nf4 24. Ne4 Qd8 25. g3 Nxe2+ 26. Qxe2 f6 27. Qh5 Ra7 28. Qg6 Kf8 29. Ng4 Qxd5 30. Qxe8+ Kxe8 31. Ngxf6+ Bxf6 32. Nxf6+ {Source: Andy Ansel, 24 October 2024} 1-0

[Event "Robert Silk International"]
[Site "London, Bishopsgate"]
[Date "1978.07.18"]
[Round "3"]
[White "Littlewood, Paul E"]
[Black "Plaskett, H James"]
[Result "1-0"]
[WhiteElo "2345"]
[BlackElo "2410"]
[PlyCount "41"]
[EventDate "1978.07.16"]
[EventType "tourn"]
[EventRounds "9"]
[EventCountry "ENG"]
[SourceTitle "BritBase"]
[Source "John Saunders"]
[SourceDate "2024.10.24"]
[SourceVersion "1"]
[SourceVersionDate "2024.10.24"]
[SourceQuality "1"]

1. e4 c5 2. Nf3 Nc6 3. d4 cxd4 4. Nxd4 e6 5. Be3 Qc7 6. Bd3 a6 7. O-O Nf6 8. Nxc6 bxc6 9. c4 c5 10. Nc3 Be7 11. Qe2 d6 12. Rad1 O-O 13. f4 Rb8 14. Bc1 Nd7 15. Rf3 Bf6 16. e5 dxe5 17. Bxh7+ Kh8 18. Rh3 g6 19. Bxg6+ Kg7 20. Rh7+ Kg8 21. Qh5 {Source: Andy Ansel, 24 October 2024} 1-0

[Event "Robert Silk International"]
[Site "London, Bishopsgate"]
[Date "1978.07.19"]
[Round "4"]
[White "Goodman, David SC"]
[Black "Kraidman, Yair"]
[Result "0-1"]
[WhiteElo "2320"]
[BlackElo "2455"]
[PlyCount "69"]
[EventDate "1978.07.16"]
[EventType "tourn"]
[EventRounds "9"]
[EventCountry "ENG"]
[SourceTitle "BritBase"]
[Source "John Saunders"]
[SourceDate "2024.10.24"]
[SourceVersion "1"]
[SourceVersionDate "2024.10.24"]
[SourceQuality "1"]

1. d4 Nf6 2. c4 c5 3. d5 d6 4. Nc3 g6 5. e4 Bg7 6. Be2 O-O 7. Nf3 e6 8. O-O Re8 9. Nd2 a6 10. a4 Nbd7 11. Kh1 exd5 12. cxd5 Ne5 13. Qc2 Nh5 14. Bxh5 gxh5 15. Nd1 Qh4 16. Ra3 Bg4 17. f3 Bd7 18. f4 Ng4 19. h3 f5 20. Nf3 Qe7 21. hxg4 hxg4 22. Nh2 Qxe4 23. Qd2 Bxa4 24. Nc3 Bxc3 25. bxc3 Bb5 26. c4 Qxc4 27. Qf2 Qxd5 28. Rg1 Re6 29. Qh4 Rae8 30. Bb2 Rg6 31. Qg3 Re2 32. Qc3 Qd4 33. Re1 Rxe1+ 34. Qxe1 Qxb2 35. Re3 {(37 moves) Source: Andy Ansel, 24 October 2024} 0-1

[Event "Robert Silk International"]
[Site "London, Bishopsgate"]
[Date "1978.07.19"]
[Round "4"]
[White "Hodgson, Julian M"]
[Black "Littlewood, Paul E"]
[Result "1-0"]
[WhiteElo "2265"]
[BlackElo "2345"]
[PlyCount "87"]
[EventDate "1978.07.16"]
[EventType "tourn"]
[EventRounds "9"]
[EventCountry "ENG"]
[SourceTitle "BritBase"]
[Source "John Saunders"]
[SourceDate "2024.10.24"]
[SourceVersion "1"]
[SourceVersionDate "2024.10.24"]
[SourceQuality "1"]

1. e4 e6 2. d4 c5 3. c3 b6 4. Bd3 Bb7 5. Nf3 Nf6 6. Qe2 Be7 7. O-O d5 8. Bb5+ Nbd7 9. e5 Ng8 10. h4 a6 11. Bd3 Bxh4 12. Nxh4 Qxh4 13. f4 g6 14. Nd2 Nh6 15. Rf3 Qg4 16. Qe1 Nf5 17. Rh3 cxd4 18. cxd4 Qxf4 19. Nf3 Qg4 20. Be3 Nxe3 21. Qxe3 g5 22. Rf1 Qf4 23. Qe1 h5 24. g3 Qg4 25. Kg2 h4 26. Qe3 Rg8 27. Nh2 Qh5 28. g4 Qh6 29. Rc1 Rc8 30. Rxc8+ Bxc8 31. Qe2 f6 32. Bxa6 Bxa6 33. Qxa6 Qg6 34. Rc3 fxe5 35. Nf3 exd4 36. Rc7 Rf8 37. Qc8+ Kf7 38. Ne5+ Kg8 39. Nxg6 Rxc8 40. Ne7+ Kf7 41. Nxc8 d3 42. Rxd7+ Ke8 43. Re7+ Kd8 44. Kf2 {Source: Andy Ansel, 24 October 2024} 1-0

[Event "Robert Silk International"]
[Site "London, Bishopsgate"]
[Date "1978.07.19"]
[Round "4"]
[White "Plaskett, H James"]
[Black "Speelman, Jonathan S"]
[Result "0-1"]
[WhiteElo "2410"]
[BlackElo "2410"]
[PlyCount "38"]
[EventDate "1978.07.16"]
[EventType "tourn"]
[EventRounds "9"]
[EventCountry "ENG"]
[SourceTitle "BritBase"]
[Source "John Saunders"]
[SourceDate "2024.10.24"]
[SourceVersion "1"]
[SourceVersionDate "2024.10.24"]
[SourceQuality "1"]

1. e4 c5 2. Nf3 Nc6 3. Bb5 e6 4. O-O Nge7 5. b3 a6 6. Bxc6 Nxc6 7. Bb2 b6 8. d4 cxd4 9. Nxd4 Bb7 10. c4 Nxd4 11. Qxd4 f6 12. Nc3 Bc6 13. a3 Qc7 14. Rfd1 Bc5 15. Qd3 a5 16. Rac1 O-O 17. Nd5 exd5 18. cxd5 Qf4 19. Bd4 Bb5 {Source: Andy Ansel, 24 October 2024} 0-1

[Event "Robert Silk International"]
[Site "London, Bishopsgate"]
[Date "1978.07.19"]
[Round "4"]
[White "Silva, Fernando"]
[Black "Botterill, George Steven"]
[Result "1/2-1/2"]
[WhiteElo "2350"]
[BlackElo "2400"]
[PlyCount "28"]
[EventDate "1978.07.16"]
[EventType "tourn"]
[EventRounds "9"]
[EventCountry "ENG"]
[SourceTitle "BritBase"]
[Source "John Saunders"]
[SourceDate "2024.10.24"]
[SourceVersion "1"]
[SourceVersionDate "2024.10.24"]
[SourceQuality "1"]

1. e4 e6 2. d4 d5 3. Nd2 c5 4. exd5 exd5 5. Ngf3 c4 6. Be2 Nc6 7. O-O Bd6 8. Re1 Nge7 9. Nf1 O-O 10. Bg5 f6 11. Bh4 Nf5 12. Bg3 g5 13. Bxd6 Qxd6 14. c3 Qd7 {Source: Andy Ansel, 24 October 2024} 1/2-1/2

[Event "Robert Silk International"]
[Site "London, Bishopsgate"]
[Date "1978.07.19"]
[Round "4"]
[White "Wade, Robert Graham"]
[Black "Durao, Joaquim Manuel"]
[Result "1/2-1/2"]
[WhiteElo "2335"]
[BlackElo "2315"]
[PlyCount "88"]
[EventDate "1978.07.16"]
[EventType "tourn"]
[EventRounds "9"]
[EventCountry "ENG"]
[SourceTitle "BritBase"]
[Source "John Saunders"]
[SourceDate "2024.10.24"]
[SourceVersion "1"]
[SourceVersionDate "2024.10.24"]
[SourceQuality "1"]

1. c4 e5 2. Nc3 Nc6 3. e3 Nf6 4. Nf3 d6 5. d4 g6 6. dxe5 Nxe5 7. Nxe5 dxe5 8. Qxd8+ Kxd8 9. b3 Bf5 10. Bb2 c6 11. O-O-O+ Ke8 12. h3 h5 13. Bd3 Bxd3 14. Rxd3 Rd8 15. Rhd1 Rxd3 16. Rxd3 Rh7 17. Kc2 Be7 18. a3 Nd7 19. Ne4 Nc5 20. Nxc5 Bxc5 21. Bxe5 Bxa3 22. Bd4 b6 23. c5 Bxc5 24. Bxc5 bxc5 25. Rd6 h4 26. Rxc6 Rh5 27. f4 Rd5 28. Rc7 g5 29. Rxa7 gxf4 30. exf4 c4 31. bxc4 Rd4 32. Kc3 Rxf4 33. Rb7 Kd8 34. c5 Kc8 35. Rb4 Rf2 36. Rb2 Rf4 37. Kd3 Kc7 38. Rc2 Kc6 39. Ke3 Rf5 40. Rc4 Rg5 41. Rg4 Rh5 42. Kf4 f6 43. Rg6 Kxc5 44. Rxf6 Rh8 {Source: Andy Ansel, 24 October 2024} 1/2-1/2